Brand Quiz #11-#40 - Statistics

General Stats
  • This quiz has been taken 70 times
  • The average score is 35 of 176
Answer Stats
Picture Answer % Correct
Chick-Fil-A
87%
Netflix
74%
Apple
68%
Excel
68%
Intel
68%
IKEA
64%
FedEx
62%
Best Buy
60%
Doritos
60%
Red Bull
60%
Warner Bros.
57%
Dell
55%
Fila
55%
JetPunk
55%
Wendy's
55%
Nerf
53%
Nerf
53%
NFL
53%
Gap
49%
JBL
49%
Walt Disney
49%
BBC News
47%
Lexus
47%
Verizon
47%
7-Eleven
45%
NBC
45%
Adobe
43%
Green Giant
43%
Mercedes-Benz
43%
NVIDIA
43%
Pinterest
43%
Porsche
43%
Dolby
40%
Hello Kitty
40%
Quaker Oats
40%
AT&T
38%
BMW
38%
Land Rover
38%
Skype
38%
Chips Ahoy!
36%
Blockbuster
34%
CBS
34%
Chrome
34%
Barcelona
32%
Home Depot
32%
Lululemon
32%
Skechers
32%
Tiffany
32%
Airbnb
30%
American Express
30%
Arm & Hammer
30%
Dropbox
30%
Mountain Dew
30%
Nivea
30%
Denny's
28%
Gatorade
28%
Nescafe
28%
Unilever
28%
Lowe's
26%
Nespresso
26%
Aquafina
23%
ING
23%
KitKat
23%
Microsoft
23%
Evian
21%
Levi's
21%
Michelin
21%
Morton
21%
Tabasco
21%
Audi
19%
Hilton
19%
Oreo
19%
SEAT
17%
Sephora
17%
Snickers
17%
Uniqlo
17%
Wonder Bread
17%
Chanel
15%
Domino's
15%
Milo
15%
Paypal
15%
UPS
15%
Wikipedia
15%
Yamaha
15%
App Store
13%
iTunes
13%
Powerpoint
13%
Soundcloud
13%
Vodafone
13%
Volkswagen
13%
Canva
11%
Little Caesar's
11%
Nickelodeon
11%
Pizza Hut
11%
Ray-Ban
11%
WordPress
11%
Coca-cola
9%
Fuji
9%
Puma
9%
Ruffles
9%
Walkers
9%
Barbie
6%
Firestone
6%
Google Drive
6%
Hoover
6%
National Geographic
6%
Samsung
6%
The North Face
6%
Tivo
6%
Umbro
6%
AOL
4%
Bear Brand
4%
Cheerios
4%
Clock
4%
Ebay
4%
Google Meet
4%
Heineken
4%
Kellogg's
4%
Marvel
4%
Minecraft
4%
Myspace
4%
Nabisco
4%
Roblox
4%
Settings
4%
Smarties
4%
Virgin
4%
Wells Fargo
4%
20th Century Fox
2%
Acer
2%
AOL Messenger
2%
Costco
2%
CVS
2%
Google Calendar
2%
Google Earth
2%
Google Maps
2%
Hulu
2%
Illustrator
2%
Jif
2%
L'Oreal
2%
Maestro
2%
Monopoly
2%
Nesquik
2%
New York Times
2%
Procter And Gamble
2%
Skoda
2%
Starter
2%
TV Globo
2%
Amtrak
0%
AngDelCru
0%
Chevron
0%
Cirrus
0%
Colgate
0%
Costa Coffee
0%
Dole
0%
Dreamworks
0%
Fresco
0%
Garmin
0%
Gazprom
0%
Genyo
0%
Goodyear
0%
Google Classroom
0%
Google One
0%
Google Travel
0%
Guinness
0%
Hertz
0%
Logitech
0%
Mastercard Black
0%
MDG Productions
0%
Nestea
0%
Orbit
0%
Qantas
0%
Republic Biscuit Corp.
0%
SketchUp
0%
Spark
0%
Timberland
0%
Xerox
0%
No matching quizzes found
Score Distribution
Percent of People with Each Score
Percentile by Number Answered
Your Score History
You have not taken this quiz